| 000 | 00678nam a2200229Ia 4500 | ||
|---|---|---|---|
| 003 | GCL | ||
| 008 | 140319s9999 xx 000 0 ara d | ||
| 040 |
_aGCL / _cGCL |
||
| 082 | 0 | 4 |
_a025 _bا ا |
| 100 | 1 | _aاحمد انور عمر | |
| 245 | 1 | 0 |
_aالاجراءات الفنية للمكتبات / _cاحمد انور عمر |
| 260 |
_a[S.N] : _bدار النهضة العربية ، _c1983 |
||
| 300 | _a282 ص | ||
| 490 | _a | ||
| 650 | 0 | 4 | _aالصيانة |
| 650 | 0 | 4 | _aالاجراءات الفنية |
| 650 | 0 | 4 | _aتصنيف الكتب |
| 650 | 0 | 4 | _aالفهرسة |
| 650 | 0 | 4 | _aالمكتبات |
| 650 | 0 | 4 | _aالتزويد ( مكتبات ) |
| 942 |
_2ddc _cBK |
||
| 999 |
_c31879 _d31879 |
||